Random Brand Logo Quiz #7 - Statistics

General Stats
  • This quiz has been taken 539 times
    528 since last reset
  • The average score is 14 of 25
Answer Stats
Picture Answer % Correct
Tesla
91%
Facebook
90%
McDonald's
90%
XBOX
90%
Snickers
88%
IKEA
87%
Pizza Hut
87%
Skittles
85%
Hulu
80%
Hershey's
75%
Jif
72%
Acer
60%
American Express
54%
Nestle Crunch
52%
Rocket League
51%
Wells Fargo
50%
Mortal Kombat
42%
AOL
38%
Sierra Mist
28%
Costa Coffee
23%
AOL Instant Messenger
22%
Garmin
22%
KLM
19%
Korean Air
15%
Iberia
14%
No matching quizzes found
Score Distribution
Percent of People with Each Score
Percentile by Number Answered
Your Score History
You have not taken this quiz since the last reset